En una encrucijada de la Historia (Record no. 145542)

MARC details
000 -LEADER
campo de control de longitud fija 00694nam a2200181 i 4500
001 - NÚMERO DE CONTROL
campo de control 145542
003 - IDENTIFICADOR DE NÚMERO DE CONTROL
campo de control ES-MaACL
005 - FECHA Y HORA DE LA ÚLTIMA TRANSACCIÓN
campo de control 20260127062547.0
007 - CAMPO FIJO DE DESCRIPCIÓN FÍSICA--INFORMACIÓN GENERAL
campo de control de longitud fija t|
008 - DATOS DE LONGITUD FIJA--INFORMACIÓN GENERAL
campo de control de longitud fija 071015s1945 sp ||||1| spa d
100 1# - ENTRADA PRINCIPAL--NOMBRE DE PERSONA
Nombre de persona Ventosa y Calvell, Juan.
9 (RLIN) 113915
245 10 - MENCIÓN DEL TÍTULO
Título En una encrucijada de la Historia
Resto del título : conferencia pronunciada el día 13 de abril de 1945 en la Real Academia de Jurisprudencia y Legislación /
Mención de responsabilidad, etc. por Juan Ventosa y Calvell.
260 ## - PUBLICACIÓN, DISTRIBUCIÓN, ETC.
Lugar de publicación, distribución, etc. Madrid :
Nombre del editor, distribuidor, etc. [s.n.],
Fecha de publicación, distribución, etc. 1945 (
Fabricante Imp. Vda. de Galo Sèz)
300 ## - DESCRIPCIÓN FÍSICA
Extensión 44 p. ;
Dimensiones 18 cm.
700 ## - ENTRADA AGREGADA--NOMBRE PERSONAL
Nombre de persona Real Academia de Jurisprudencia y Legislación de España
9 (RLIN) 217612
852 ## - LOCALIZACIÓN
Ubicación ES-MaACL
Número de control de estantería 1620-F-12
Sublocalización o colección R.21832
Holdings
Estatus retirado Estado de pérdida Estado de daño No para préstamo Colección Biblioteca de origen Biblioteca actual Ubicación en estantería Fecha de adquisición Fuente de adquisición Total de préstamos Signatura topográfica completa Código de barras Visto por última vez Precio de reemplazo Tipo de ítem Koha
        Colección de folletos Biblioteca del Ateneo de Madrid Biblioteca del Ateneo de Madrid Depósito folletos 17/01/2008     1620-F-12 1151919 23/02/2023 23/02/2023 Folleto